000 01691nam a2200481 i 4500
001 43291
003 KOSZ 005
005 20220316090244.0
008 030820s2003 pl |001 0 pol
015 _aUWD 2003/13666
020 _a8373341978
035 _a991021392259705066
035 _a(PL-WaBN)b15787321-48omnis_nlop
035 _ab15787321
035 _a(OCoLC)749480333
035 _azz2003950399
035 _a(PL)b0000001578732
035 _a(EXLNZ-48OMNIS_NETWORK)9910515109705606
040 _aWA N
_cWA N
_dKOSZ 005/HR
041 0 _apol
046 _k2003
080 _a347(438)
080 _a(094.4.07)
100 1 _aDmowski, Stanisław
_d(1926-2007)
_eKomentarz
245 1 0 _aKomentarz do kodeksu cywilnego.
_nKs. 1,
_pCzęść ogólna /
_cStanisław Dmowski, Stanisław Rudnicki.
250 _aWyd. 5, stan prawny na 15 czerwca 2003 roku (uwzględnia zmiany wchodzące w życie 25 września 2003 roku).
260 _aWarszawa :
_bWydaw. Prawnicze "LexisNexis",
_c2003.
300 _a458, [1] s. ;
_c25 cm.
336 _aTekst
_btxt
_2rdacontent
337 _aBez urządzenia pośredniczącego
_bn
_2rdamedia
338 _aWolumin
_bnc
_2rdacarrier
380 _aKsiążki
388 _a2001-
504 _aBibliogr. Indeks.
650 7 _aPrawo cywilne
_2DBN
651 7 _aPolska
_2DBN
658 _aPrawo i wymiar sprawiedliwości
700 1 _aRudnicki, Stanisław
_d(1926-2012)
_eKomentarz
710 2 _aWydawnictwo Prawnicze LexisNexis
_4pbl
856 _uhttp://koha.tu.koszalin.pl/cgi-bin/koha/opac-detail.pl?biblionumber=43291
_yKatalog online BPK
942 _2UKD
_cKS
999 _c43291
_d43291